|
|
|
|
| LEADER |
00000nam a2200000 a 4500 |
| 001 |
UCW8347 |
| 003 |
CL-VaPUC |
| 005 |
20201016001618.0 |
| 008 |
880809e19810000SP |||||||||||||||||spa|d |
| 999 |
|
|
|c 220740
|d 220738
|
| 040 |
|
|
|c Pontificia Universidad Católica de Valparaíso
|
| 082 |
0 |
4 |
|a 378.00946 KAG 1981
|2 21
|
| 100 |
0 |
|
|a Kagan, Richard L
|e author
|9 313482
|
| 245 |
1 |
0 |
|a Universidad y sociedad en la España moderna
|
| 260 |
|
|
|a Madrid, España
|b Tecnos
|c 1981
|
| 300 |
|
|
|a 326 páginas
|
| 500 |
|
|
|a Apéndice A: Cuadros adicionales respecto al tema
|
| 500 |
|
|
|a Apéndice B: Los libros de matrículas
|
| 583 |
|
|
|a last modification
|c 19880809 00:00:00
|k Rodrigo Vera
|
| 650 |
|
7 |
|a UNIVERSIDADES
|2 CL-VaPUC
|9 255114
|x HISTORIA DE ESPAÑA
|
| 651 |
|
0 |
|a España
|9 254926
|
| 852 |
|
|
|a BIBCUR
|
| 942 |
|
|
|c BK
|2 ddc
|
| 945 |
|
|
|d 19880809 00:00:00
|
| 952 |
|
|
|0 0
|1 0
|2 ddc
|4 0
|6 378_009460000000000_KAG_1981
|7 0
|8 A
|9 213313
|a BIBHIS
|b BIBHIS
|d 2019-11-15
|i 2816903
|o 378.00946 KAG 1981
|p 2816903
|r 2025-01-20
|t 1
|w 2019-11-15
|y BK
|k HIS
|